000 00539nam a2200181Ia 4500
003 GCL
008 140319s9999 xx 000 0 ara d
040 _aGCL /
_cGCL
082 0 4 _a649.1
_bهـ م
100 1 _aهندرسون , جون
245 1 0 _aالمرشد فى امراض الاطفال للاباء والأمهات /
_cهندرسون , جون
700 1 _aمحمد شرف (مترجم)
300 _a499 ص
490 _aالالف كتاب
_v0
650 0 4 _aالطب
650 0 4 _aامراض الاطفال
942 _2ddc
_cBK
999 _c43934
_d43934